مكتبة جامعة عجلون الوطنية

فهرس بحث المكتبة

Normal view MARC view
  • تأليف القاسم، سميح

Entry Personal Name

Number of records used in: 1

001 - CONTROL NUMBER

  • control field: 48342

003 - CONTROL NUMBER IDENTIFIER

  • control field: JO-AjAnu

005 - DATE AND TIME OF LATEST TRANSACTION

  • control field: 20230606081955.0

008 - FIXED-LENGTH DATA ELEMENTS

  • fixed length control field: 230606|| aca||aabn | a|a d

040 ## - CATALOGING SOURCE

  • Original cataloging agency: JO-AjAnu
  • Transcribing agency: JO-AjAnu

100 ## - HEADING--PERSONAL NAME

  • Personal name: تأليف القاسم، سميح

670 ## - SOURCE DATA FOUND

  • Source citation: Work cat.: (JO-AjAnu)24732: تأليف القاسم، سميح, author, هيرمافروديتوس (وقصائد أخرى)